000 00689nam a2200253Ia 4500
003 OSt
005 20220918165538.0
006 a|||||r|||| 00| 0
007 ta
008 220917b |||||||| |||| 00| 0 eng d
020 _a8126013435
024 _a217,595
037 _cTextual
040 _aARTS
_cARTS
_beng
041 _2eng
_aeng
082 _aO111944:g, P2
100 _aSatchidanandan K Ed.
_97113
245 0 _aAntaral end century meditations
260 _aNew Delhi
_bSahitya akademi India
_c2002
300 _axxii, 177p
_ccm.
650 _aENGLISH LITERATURE
942 _hO111944:g, P2
_cTEXL
_2CC
999 _c130307
_d130307